Statistics for European Cities by a Single Clue #3

Click here to take the quiz!

General Stats

  • This quiz has been taken 32 times
  • The average score is 15 of 21

Answer Stats

HintPlace% Correct
If you go here, things on your schedule might include a canal cruise, a coffee shop visit and a walk through the red light districtAmsterdam
100%
The only city in the world to be located in two continentsIstanbul
100%
Second largest city in Britain by population city properBirmingham
93%
Taylor Swift enjoys walking Camden Market, which is located in this cityLondon
93%
Most tourists probably come between September and October - and they will drink a lot of beer at the biggest folk festival in the worldMunich
93%
Pleasing city on the French Riviera between Cannes and MonacoNice
93%
Capital of the Baltic country "in the middle"Riga
87%
You can find the Mole Antonelliana and Fiat headquarters hereTurin
87%
Major streets include O'Connell Street and Grafton StreetDublin
83%
Capital of the latest country that joined the EurozoneZagreb
77%
Especially known for the AlhambraGranada
73%
Corsica's largest settlementAjaccio
70%
Despite being its country's capital, the neighbouring municipality Schaan has more residentsVaduz
70%
Besides Lund, one of the Swedish cities most popular for university studentsUppsala
63%
The Palace of Culture and Science, located in this city's centre and following Stalinist architecture, wasthe country's tallest high rise building until 2022Warsaw
63%
Major Ukrainian city close to the Polish borderLviv
53%
Second biggest city of HungaryDebrecen
50%
Used to be named Titograd, the new name translates to "under the hill"Podgorica
43%
Also called "City of a hundred spires"Prague
43%
Deep Purple's Smoke on the Water is about a fire in this cityMontreux
23%
Transylvanian city that used to be known as "Hermannstadt" in GermanSibiu
13%

Score Distribution

Percentile by Number Answered

Percent of People with Each Score

Your Score History

You have not taken this quiz